| 000 | 00415cam a2200169ua 4500 | ||
|---|---|---|---|
| 020 | _c6.00 | ||
| 041 |
_amal _h |
||
| 082 |
_a894.812308 _bSIV/MA |
||
| 100 | _aSivadasa, Menon . | ||
| 245 |
_aMalabarinted Shikkari / _cSivadasa Menon. _hTextual Documents |
||
| 260 |
_aPalakkad : _bUdaya Publications , _c1959. |
||
| 300 | _a451 ; . | ||
| 365 | _a6.00 | ||
| 504 | _a | ||
| 942 | _cBK | ||
| 999 |
_c5967 _d5967 |
||